| 000 | 00544nam a22001577a 4500 | ||
|---|---|---|---|
| 999 |
_c535736 _d535736 |
||
| 020 | _qHard Cover. | ||
| 082 | _a621.3 | ||
| 100 | _aZain ul Aabidin Lodhi. | ||
| 245 |
_aOUTPUT REGULATION OF A MULTI-AGENT SYSTEM USING CONDITIONAL SERVOCOMPENSATORS / _cZain ul Aabidin Lodhi. |
||
| 260 |
_aIslamabad : _bPNEC - NUST, _c2016. |
||
| 300 |
_avii, 48 p. : ill. ; _c30cm. |
||
| 942 |
_2ddc _cTHE |
||
| 650 |
_aElectrical Engineering MS-Thesis. _916073 |
||
| 700 |
_aDr. Attaullah Memon. _919345 |
||